| 000 | 00383nam a22001457a 4500 | ||
|---|---|---|---|
| 999 |
_c531695 _d531695 |
||
| 020 | _a978-0-9815194-3-2 | ||
| 082 | _a547 LOU 2009 | ||
| 100 |
_6Marc Loudon _aMarc Loudon |
||
| 245 | _aOrganic Chemistry | ||
| 250 | _65th Ed. | ||
| 260 |
_aLondon _bAddison Weseley _c2009 |
||
| 300 |
_axxxix, 1374 _bPB |
||
| 942 |
_2ddc _cBK |
||